000 00792nam a2200253 i 4500
001 187563
003 ES-MaACL
005 20250814054356.0
008 171129s2010 sp a |||| | spa d
020 _a978-84-96808-58-4
080 _a061.236.6
100 1 _aGuénon, René,
_d1886-1951
_960441
245 1 0 _aEstudios sobre la masonería y el compañerazgo /
_cRené Guenón ; [traducción, J. Alexander].
250 _a1ª ed.
260 _aMadrid :
_bSanz y Torres,
_c2010.
300 _a482 p. :
_bil. ;
_c21 cm.
490 1 _aIgnitus
610 2 4 _aMasonería
_95658
700 1 _aAlexander, J.
_9163857
830 0 _aIgnitus
_9192800
852 _aES-MaACL
_jA-14094
_9194649
_bR.151486
_cDEPO1
_dOlim: N-7094
942 _2udc
_cMONOGRAFIA
999 _c187563
_d187563